000 00345nam a2200121Ia 4500
008 220620s9999||||xx |||||||||||||| ||und||
245 0 _aAdaptive Filtering
546 _aEnglish[eng]
650 _aSignal processing
700 _aGarcia, Lino
856 _uhttps://mts.intechopen.com/storage/books/150/authors_book/authors_book.pdf
942 _cEB
999 _c29789
_d29789